[Event "C.to Provinciale TE"]
[Site "Teramo ITA"]
[Date "2010.01.24"]
[Round "4"]
[White "Antonelli, Alessandro"]
[Black "Di Matteo, Giovanni"]
[Result "0-1"]
[WhiteElo "1971"]
[BlackElo "2002"]
[PlyCount "114"]
[EventDate "2010.01.23"]

1. e4 e6 2. d3 d5 3. Nd2 Nf6 4. Ngf3 c5 5. g3 Nc6 6. Bg2 Qc7 7. O-O Be7 8. Re1
O-O 9. c3 dxe4 10. dxe4 e5 11. a4 a6 12. Qc2 Bg4 13. h3 Bd7 14. Nc4 b5 15. axb5
axb5 16. Rxa8 Rxa8 17. Ne3 Qc8 18. Kh2 h6 19. Nd5 Bd8 20. Be3 c4 21. Rd1 Be6
22. Bc5 Nd7 23. Bd6 f6 24. Nh4 Nb6 25. Nf5 Nxd5 26. Nxh6+ gxh6 27. exd5 Bf5 28.
Qd2 Na5 29. Qxh6 Ra7 30. g4 Bxg4 31. hxg4 Rh7 32. Qxh7+ Kxh7 33. Be4+ Kg7 34.
Kg3 Nb7 35. Ba3 Bb6 36. d6 Nc5 37. Bf5 Qc6 38. d7 Ne4+ 39. Bxe4 Qxe4 40. d8=Q
Qf4+ 41. Kh3 Qf3+ 42. Kh2 Qxf2+ 43. Kh3 Qf3+ 44. Kh2 Bxd8 45. Rd7+ Kg6 46. Rxd8
e4 47. Re8 e3 48. Bd6 e2 49. Bg3 Kf7 50. Rb8 e1=Q 51. Bxe1 Qe2+ 52. Kh3 Qxe1
53. Rxb5 Kg6 54. b3 Qxc3+ 55. Kh4 cxb3 56. Rb6 Qe1+ 57. Kh3 Qe3+ 0-1

[Event "C.to Provinciale TE"]
[Site "Teramo ITA"]
[Date "2010.01.24"]
[Round "4"]
[White "Coccagna, Marcello"]
[Black "Bovenzi, Piero"]
[Result "0-1"]
[WhiteElo "1383"]
[BlackElo "1410"]
[PlyCount "68"]
[EventDate "2010.01.23"]

1. e4 g6 2. d4 Bg7 3. Nf3 c6 4. c4 d5 5. Bd3 Bg4 6. Be3 Qb6 7. c5 Qxb2 8. Nbd2
Qc3 9. Be2 Bxf3 10. Bxf3 dxe4 11. Bxe4 Bxd4 12. Rc1 Qb2 13. Rc2 Qa1 14. Nb1
Bxe3 15. fxe3 Qe5 16. Qf3 Nf6 17. Nd2 Nbd7 18. O-O Nxc5 19. Bxc6+ Ncd7 20. Bxb7
Rb8 21. Nc4 Qc7 22. Rb1 O-O 23. e4 Rxb7 24. Rxb7 Qxb7 25. Re2 Nc5 26. Nd2 Rd8
27. Qe3 Qb6 28. Nc4 Rd1+ 29. Re1 Rxe1+ 30. Qxe1 Nd3+ 31. Nxb6 Nxe1 32. e5 axb6
33. exf6 exf6 34. Kf2 Nd3+ 0-1

[Event "C.to Provinciale TE"]
[Site "Teramo ITA"]
[Date "2010.01.24"]
[Round "4"]
[White "Di Giacobbe, Matteo"]
[Black "Procaccini, Luciano"]
[Result "0-1"]
[WhiteElo "1701"]
[BlackElo "1637"]
[PlyCount "58"]
[EventDate "2010.01.23"]

1. e4 e6 2. d4 d5 3. Nd2 Nf6 4. e5 Nfd7 5. Bd3 c5 6. c3 Nc6 7. Ne2 Be7 8. O-O
O-O 9. Nf3 f5 10. c4 cxd4 11. cxd5 Ncxe5 12. Nfxd4 Nc5 13. Nf4 Nexd3 14. Nxd3
Nxd3 15. Qxd3 Qxd5 16. Qc3 Bd7 17. Qd2 Bf6 18. Rd1 e5 19. Nb3 Qxd2 20. Rxd2 Bc6
21. a3 Rfd8 22. f3 Rxd2 23. Nxd2 Rd8 24. Kf2 e4 25. fxe4 Bxb2 26. Ra2 Bxc1 27.
Ke1 Bxd2+ 28. Rxd2 Rxd2 29. Kxd2 fxe4 0-1

[Event "C.to Provinciale TE"]
[Site "Teramo ITA"]
[Date "2010.01.24"]
[Round "4"]
[White "Di Martino, Antonio"]
[Black "Melasecchi, Paolo"]
[Result "1/2-1/2"]
[WhiteElo "1886"]
[BlackElo "1651"]
[PlyCount "116"]
[EventDate "2010.01.23"]

1. e4 e6 2. d4 d5 3. exd5 exd5 4. Bd3 Bd6 5. Ne2 Nf6 6. O-O O-O 7. Bf4 b6 8.
Re1 c5 9. Bxd6 Qxd6 10. c3 Nc6 11. Nd2 Bd7 12. Ng3 Rae8 13. Nf3 Rxe1+ 14. Qxe1
Re8 15. Qd2 g6 16. h3 Ne4 17. Bxe4 dxe4 18. dxc5 Qxd2 19. Nxd2 e3 20. fxe3 Rxe3
21. Kf2 Rd3 22. Nde4 Kg7 23. Ke2 Ne5 24. cxb6 axb6 25. Rd1 Rxd1 26. Kxd1 f5 27.
Ng5 h6 28. Nf3 Nc4 29. Ne1 Nxb2+ 30. Kc2 Nc4 31. Kd3 Nd6 32. Ne2 Kf6 33. Kd4
Nb5+ 34. Kc4 Ke5 35. Nf3+ Kd6 36. h4 Nc7 37. Nf4 b5+ 38. Kd4 Ne6+ 39. Nxe6 Bxe6
40. a3 Bd5 41. Ne5 g5 42. g3 gxh4 43. gxh4 f4 44. c4 bxc4 45. Nxc4+ Ke6 46. Ne5
f3 47. Nd3 Ba8 48. Ke3 Kf5 49. Kf2 Kg4 50. Ne5+ Kxh4 51. Nxf3+ Kg4 52. Ne5+ Kg5
53. Nc4 h5 54. Kg3 Kf5 55. a4 h4+ 56. Kh3 Bh1 57. a5 Kf6 58. Kxh4 Ke6 1/2-1/2

[Event "C.to Provinciale TE"]
[Site "Teramo ITA"]
[Date "2010.01.24"]
[Round "4"]
[White "Lauria, Amilcare"]
[Black "Barnabei, Stefano"]
[Result "1/2-1/2"]
[WhiteElo "2131"]
[BlackElo "1743"]
[PlyCount "48"]
[EventDate "2010.01.23"]

1. e4 c5 2. Nf3 Nc6 3. d4 cxd4 4. Nxd4 g6 5. c4 Bg7 6. Be3 d6 7. Nc3 Nf6 8. Be2
O-O 9. O-O a6 10. h3 Bd7 11. Qd2 Qc7 12. Rac1 Nxd4 13. Bxd4 Bc6 14. Qe3 e6 15.
Bb6 Qe7 16. Rfd1 Rfc8 17. Rc2 Ne8 18. c5 dxc5 19. Bxc5 Qh4 20. Bb6 Bxc3 21.
Rxc3 Qxe4 22. Qxe4 Bxe4 23. Rdc1 Rxc3 24. Rxc3 Bc6 1/2-1/2

[Event "C.to Provinciale TE"]
[Site "Teramo ITA"]
[Date "2010.01.24"]
[Round "4"]
[White "Martella, Antonio"]
[Black "Sbraccia, Giovanni"]
[Result "1/2-1/2"]
[WhiteElo "1945"]
[BlackElo "2083"]
[PlyCount "39"]
[EventDate "2010.01.23"]

1. d4 Nf6 2. Nf3 c5 3. c3 e6 4. Bf4 Qb6 5. Qb3 Qxb3 6. axb3 Nc6 7. e3 cxd4 8.
exd4 Be7 9. Na3 O-O 10. Bd3 b6 11. h3 Nd5 12. Bh2 Rd8 13. Be4 Nf6 14. Bc2 Bb7
15. Bc7 Rdc8 16. Bh2 Ba6 17. Nc4 Bxc4 18. bxc4 d6 19. O-O a5 20. Rfe1 1/2-1/2

[Event "C.to Provinciale TE"]
[Site "Teramo ITA"]
[Date "2010.01.24"]
[Round "4"]
[White "Pescatore, Lorenzo"]
[Black "Viviani, Alessio"]
[Result "0-1"]
[WhiteElo "1917"]
[BlackElo "1899"]
[PlyCount "118"]
[EventDate "2010.01.23"]

1. e4 d6 2. d4 g6 3. Nc3 Bg7 4. f4 Nf6 5. Nf3 c5 6. e5 Nfd7 7. exd6 O-O 8. dxe7
Qxe7+ 9. Qe2 Qxe2+ 10. Bxe2 cxd4 11. Nb5 Nc6 12. Bd3 Nc5 13. Kd2 Rd8 14. b3 a6
15. Na3 Nb4 16. Nc4 Ncxd3 17. cxd3 b5 18. Nb6 Rb8 19. Nxc8 Rbxc8 20. a3 Nc2 21.
Ra2 Ne3 22. Ne1 Rc3 23. b4 Re8 24. g3 Rec8 25. Bb2 R3c6 26. h3 h6 27. h4 h5 28.
Ba1 Rc1 29. Bb2 Rd1+ 30. Ke2 Rc2+ 31. Nxc2 Rxh1 32. Na1 Rh2+ 33. Ke1 Rg2 34.
Nb3 Nf5 35. Kf1 Rxg3 36. Nc5 Nxh4 37. Bc1 Nf5 38. Nxa6 Rxd3 39. Nc5 Rd1+ 40.
Ke2 Rxc1 41. a4 bxa4 42. Rxa4 Bf8 43. Ne4 Rb1 44. Ra8 Kg7 45. Ra7 Rxb4 46. Ng5
Be7 47. Ne4 d3+ 48. Kf3 Nh4+ 49. Ke3 Nf5+ 50. Kf3 Rd4 51. Ra2 Bb4 52. Nd2 Bxd2
53. Rxd2 h4 54. Kg4 Ne3+ 55. Kg5 h3 56. Kh4 Nc4 57. Rd1 d2 58. Kg5 Ne3 59. Rg1
h2 0-1

[Event "C.to Provinciale TE"]
[Site "Teramo ITA"]
[Date "2010.01.24"]
[Round "4"]
[White "Sabatini, Claudio"]
[Black "Di Sabatino, Stefano"]
[Result "0-1"]
[WhiteElo "1710"]
[BlackElo "1551"]
[PlyCount "64"]
[EventDate "2010.01.23"]

1. d4 f5 2. Nf3 Nf6 3. e3 d5 4. Bd3 e6 5. b3 b6 6. Ba3 c5 7. O-O Bd6 8. Nc3 a6
9. Na4 Qc7 10. dxc5 bxc5 11. c4 e5 12. Be2 e4 13. Ng5 d4 14. exd4 cxd4 15. Bxd6
Qxd6 16. c5 Qe5 17. f4 exf3 18. Bxf3 Ne4 19. Nxe4 fxe4 20. Bxe4 Ra7 21. Bb7
Bxb7 22. Qg4 Qe3+ 23. Kh1 Kd8 24. Rae1 Bc8 25. Qd1 Qg5 26. b4 Rd7 27. Nb6 Bb7
28. Rf2 Rd5 29. Qd3 Nd7 30. Nxd5 Qxd5 31. Rd1 Re8 32. Rf5 Qxg2# 0-1

[Event "C.to Provinciale TE"]
[Site "Teramo ITA"]
[Date "2010.01.24"]
[Round "4"]
[White "Spada, Angelo"]
[Black "Di Donatantonio, Franco"]
[Result "0-1"]
[WhiteElo "2060"]
[BlackElo "2143"]
[PlyCount "54"]
[EventDate "2010.01.23"]

1. f4 Nf6 2. b3 g6 3. Bb2 Bg7 4. e4 d6 5. Nf3 O-O 6. Bd3 e5 7. fxe5 Ng4 8. O-O
Nc6 9. Nc3 Ncxe5 10. Qe2 Nxf3+ 11. gxf3 Ne5 12. f4 Bg4 13. Qe3 Nxd3 14. Qxd3
Qh4 15. Rae1 d5 16. Ba3 dxe4 17. Qxe4 Bf5 18. Qxb7 Bd4+ 19. Kh1 Rab8 20. Bxf8
Rxb7 21. Re8 Bd7 22. Rfe1 Bc6+ 23. R1e4 Qe1+ 24. Kg2 Qf2+ 25. Kh3 Bd7+ 26. f5
Qf3+ 27. Kh4 Bf6# 0-1

[Event "C.to Provinciale TE"]
[Site "Teramo ITA"]
[Date "2010.01.31"]
[Round "5"]
[White "Di Matteo, Giovanni"]
[Black "Di Donatantonio, Franco"]
[Result "0-1"]
[WhiteElo "2002"]
[BlackElo "2143"]
[PlyCount "130"]
[EventDate "2010.01.23"]

1. d4 d6 2. Nf3 Nf6 3. Bf4 Nbd7 4. e3 Nh5 5. Bg5 h6 6. Bh4 g5 7. Bg3 Nxg3 8.
hxg3 Bg7 9. c3 e5 10. dxe5 dxe5 11. Bc4 Qe7 12. e4 Nc5 13. Qe2 c6 14. a4 Be6
15. O-O O-O 16. b4 Bxc4 17. Qxc4 Nxa4 18. Qb3 b5 19. Na3 a5 20. Nc2 Rfd8 21.
Rfd1 Rxd1+ 22. Rxd1 Rd8 23. Rc1 Rd3 24. Nce1 Rd8 25. Nc2 axb4 26. cxb4 c5 27.
Ne3 c4 28. Qb1 Rd3 29. Nxc4 bxc4 30. Rxc4 Rc3 31. Qf1 Qe6 32. Rxc3 Nxc3 33. Qd3
Qc6 34. Nd2 Bf6 35. Kh2 Nb5 36. Nc4 Nd4 37. Ne3 Kg7 38. Nd5 Qc2 39. Qe3 Qe2 40.
Qxe2 Nxe2 41. b5 Nd4 42. b6 Nc6 43. g4 Bd8 44. b7 Kf8 45. Nb4 Nb8 46. Kg3 Ke8
47. Nd5 Kd7 48. Ne3 Be7 49. Kf3 Kc6 50. Nd5 Bd8 51. Ne3 Be7 52. Nd5 Bf8 53. Ke2
Kxb7 54. f3 Nd7 55. Ne3 Kc6 56. Nf5 Kc5 57. Kd3 Kb4 58. Ne3 Nc5+ 59. Kc2 Ne6
60. Kd2 Kc5 61. Kc3 Nd4 62. Nc4 Ne2+ 63. Kd3 Nf4+ 64. Kc3 Nxg2 65. Nb2 Ne1 0-1

[Event "C.to Provinciale TE"]
[Site "Teramo ITA"]
[Date "2010.01.31"]
[Round "5"]
[White "Pescatore, Lorenzo"]
[Black "Lauria, Amilcare"]
[Result "1/2-1/2"]
[WhiteElo "1917"]
[BlackElo "2131"]
[PlyCount "52"]
[EventDate "2010.01.23"]

1. e4 c5 2. Nc3 e6 3. f4 Nc6 4. Nf3 d5 5. Bb5 d4 6. Ne2 Qb6 7. Bxc6+ Qxc6 8. d3
f6 9. O-O b6 10. Kh1 Bb7 11. a4 Nh6 12. Ng3 Nf7 13. Qe2 Be7 14. h3 O-O-O 15. b3
Rhg8 16. Qf2 g5 17. f5 g4 18. hxg4 Rxg4 19. Nh2 Rgg8 20. fxe6 Qxe6 21. Qf5 Kd7
22. Qxe6+ Kxe6 23. Nf5 Ne5 24. Nf3 Bc8 25. Bh6 Ng4 26. Bd2 Bd6 1/2-1/2

[Event "C.to Provinciale TE"]
[Site "Teramo ITA"]
[Date "2010.01.31"]
[Round "5"]
[White "Sbraccia, Giovanni"]
[Black "Procaccini, Luciano"]
[Result "1-0"]
[WhiteElo "2083"]
[BlackElo "1637"]
[PlyCount "99"]
[EventDate "2010.01.23"]

1. d4 d5 2. Nf3 e6 3. Bf4 f5 4. e3 Nf6 5. c4 c6 6. Nc3 Be7 7. Bd3 O-O 8. O-O
Ne4 9. Qc2 Nd7 10. Ne5 Nxe5 11. Bxe5 Bg5 12. Rac1 Qe8 13. Qe2 Bf6 14. f3 Nxc3
15. Rxc3 Bxe5 16. dxe5 Bd7 17. f4 Qe7 18. cxd5 exd5 19. Rfc1 Be6 20. Qc2 g6 21.
Qa4 Rfd8 22. Qd4 Rd7 23. b4 Rc7 24. b5 Rac8 25. Qxa7 c5 26. b6 Rd7 27. Bb5 Rdd8
28. Qa3 Ra8 29. Qxc5 Qxc5 30. Rxc5 Rxa2 31. R1c2 Ra1+ 32. Rc1 Ra2 33. R5c2 Ra3
34. Rc7 Rb3 35. R1c5 Rb1+ 36. Kf2 d4 37. Re7 dxe3+ 38. Kxe3 Bd5 39. Bd7 Rb3+
40. Kf2 Rb2+ 41. Kg3 Rxg2+ 42. Kh3 Rd2 43. Rc7 Rd3+ 44. Kh4 Rd2 45. h3 Rg2 46.
Bc8 h6 47. Bxb7 Bxb7 48. Rxb7 Rb2 49. Rg7+ Kf8 50. Rbf7+ 1-0

[Event "C.to Provinciale TE"]
[Site "Teramo ITA"]
[Date "2010.01.31"]
[Round "5"]
[White "Viviani, Alessio"]
[Black "Martella, Antonio"]
[Result "1/2-1/2"]
[WhiteElo "1899"]
[BlackElo "1945"]
[PlyCount "45"]
[EventDate "2010.01.23"]

1. d4 d5 2. c4 e6 3. Nc3 Nf6 4. Bg5 Be7 5. e3 Nbd7 6. Nf3 O-O 7. Qc2 c5 8. Rd1
cxd4 9. exd4 Qa5 10. Bd3 h6 11. Bh4 dxc4 12. Bxc4 Nb6 13. Bb3 Bd7 14. O-O Rac8
15. Qe2 Nfd5 16. Nxd5 Nxd5 17. Bxe7 Nxe7 18. Rfe1 Qh5 19. Qd2 Bc6 20. Ne5 Bd5
21. Qb4 Bxb3 22. Qxb3 Rc7 23. Rc1 1/2-1/2

[Event "C.to Provinciale FM"]
[Site "Porto Sant'Elpidio ITA"]
[Date "2010.01.23"]
[Round "1"]
[White "Acciaioli, Fabio"]
[Black "Mantovani, Emanuele"]
[Result "1-0"]
[WhiteElo "1833"]
[BlackElo "1440"]
[PlyCount "71"]
[EventDate "2010.01.23"]

1. Nf3 d5 2. c4 c6 3. g3 e6 4. Bg2 Nd7 5. Qc2 Ne7 6. d4 h6 7. Nc3 Nb6 8. cxd5
exd5 9. O-O Nf5 10. e4 Nxd4 11. Nxd4 Be7 12. exd5 Nxd5 13. Nxd5 cxd5 14. Nb5
O-O 15. Nc7 Rb8 16. Nxd5 Bg5 17. Qc7 Be6 18. Qxd8 Rfxd8 19. Bxg5 hxg5 20. Rfd1
Rd6 21. Nf6+ gxf6 22. Rxd6 Kg7 23. Rc1 Bxa2 24. Ra1 Bb3 25. Rd7 Be6 26. Rxb7
Rc8 27. b4 Kh6 28. Rbxa7 Bc4 29. Rc1 Be6 30. Rxc8 Bxc8 31. Rxf7 Kg6 32. Rc7 Bf5
33. b5 Bd3 34. b6 Ba6 35. Bf1 Bxf1 36. Kxf1 1-0

[Event "C.to Provinciale FM"]
[Site "Porto Sant'Elpidio ITA"]
[Date "2010.01.23"]
[Round "1"]
[White "Capito', Mario"]
[Black "Tittarelli, Elena"]
[Result "1-0"]
[WhiteElo "1804"]
[BlackElo "1365"]
[PlyCount "81"]
[EventDate "2010.01.23"]

1. e4 e5 2. f4 f6 3. fxe5 fxe5 4. Qh5+ g6 5. Qxe5+ Qe7 6. Qxh8 Nf6 7. d3 Qg7 8.
Qxg7 Bxg7 9. Nc3 d6 10. Nf3 Be6 11. Bd2 Nbd7 12. d4 d5 13. exd5 Nxd5 14. Be2
O-O-O 15. Nxd5 Bxd5 16. c3 Re8 17. Kf2 Nf6 18. Rhe1 Ne4+ 19. Kg1 Nxd2 20. Nxd2
Bh6 21. Bg4+ Kd8 22. Rxe8+ Kxe8 23. Re1+ Kd8 24. Nb3 Bxb3 25. axb3 c6 26. Be6
Bd2 27. Re2 Bc1 28. Bg8 h6 29. c4 a6 30. d5 cxd5 31. Bxd5 b5 32. Re6 Bxb2 33.
Rxa6 Bd4+ 34. Kf1 bxc4 35. bxc4 Be5 36. h3 Bf4 37. Rxg6 h5 38. g3 Bc7 39. h4
Kd7 40. Bf3 Ke7 41. Bxh5 1-0

[Event "C.to Provinciale FM"]
[Site "Porto Sant'Elpidio ITA"]
[Date "2010.01.23"]
[Round "1"]
[White "Foglia, Maurizio"]
[Black "Mircoli, Filippo"]
[Result "1-0"]
[WhiteElo "2168"]
[BlackElo "1729"]
[PlyCount "55"]
[EventDate "2010.01.23"]

1. d4 e6 2. Nf3 Nf6 3. e3 d5 4. Bd3 Be7 5. b3 c5 6. O-O Nc6 7. Bb2 O-O 8. Nbd2
cxd4 9. exd4 Bd7 10. a3 Rc8 11. Re1 Bd6 12. Ne5 Qc7 13. Nxd7 Bxh2+ 14. Kh1 Nxd7
15. Qh5 f5 16. Qxh2 Qd8 17. Nf3 Rf6 18. Qd6 Qe8 19. Kg1 e5 20. Qxd5+ Kh8 21.
dxe5 Rh6 22. Bxf5 Nb6 23. Qe4 Qh5 24. Bh3 Rf8 25. e6 Rg6 26. e7 Re8 27. Qf4 Kg8
28. Be6+ 1-0

[Event "C.to Provinciale FM"]
[Site "Porto Sant'Elpidio ITA"]
[Date "2010.01.23"]
[Round "1"]
[White "Fornelli, Marco"]
[Black "Silvestri, Giorgio"]
[Result "1/2-1/2"]
[WhiteElo "1371"]
[BlackElo "1808"]
[PlyCount "98"]
[EventDate "2010.01.23"]

1. d4 Nf6 2. c4 g6 3. Nc3 Bg7 4. Nf3 d6 5. Bf4 h6 6. e4 g5 7. Be3 Bg4 8. h3
Bxf3 9. Qxf3 c6 10. Bd3 Nbd7 11. O-O e5 12. d5 c5 13. Rab1 O-O 14. Bd2 Ne8 15.
b4 cxb4 16. Rxb4 Nc5 17. Bc2 Qf6 18. Qe2 Nc7 19. Rb2 Qe7 20. Rfb1 Rfc8 21. Na4
N7a6 22. Be3 b6 23. Nxc5 Nxc5 24. Bxc5 Rxc5 25. Ba4 Rc7 26. Bc6 Rf8 27. g4 Qf6
28. Rb3 Qg6 29. Kg2 f6 30. a4 Rff7 31. Ra1 Rfe7 32. a5 bxa5 33. Rxa5 Bf8 34.
Rab5 Rh7 35. Rb7 Rxb7 36. Rxb7 Rxb7 37. Bxb7 Qh7 38. Bc8 Qc7 39. Be6+ Kg7 40.
Qa2 h5 41. Qa4 hxg4 42. hxg4 a5 43. Qd7+ Qxd7 44. Bxd7 Kf7 45. Kf3 Ke7 46. Bc6
Kd8 47. Ke3 Kc7 48. Kd3 Kb6 49. Kc3 Kc5 1/2-1/2

[Event "C.to Provinciale FM"]
[Site "Porto Sant'Elpidio ITA"]
[Date "2010.01.23"]
[Round "1"]
[White "Guglielmi, Dante"]
[Black "Mondaini, Roberto"]
[Result "1-0"]
[WhiteElo "1910"]
[BlackElo "1521"]
[PlyCount "139"]
[EventDate "2010.01.23"]

1. c4 e6 2. Nf3 d5 3. b3 Nf6 4. Bb2 Be7 5. g3 O-O 6. Bg2 c6 7. O-O Nfd7 8. Nc3
Bf6 9. Qc2 Re8 10. d3 Nf8 11. Rac1 Nbd7 12. e3 Ne5 13. Nd4 Neg6 14. Nce2 e5 15.
Nf3 e4 16. dxe4 Bxb2 17. Qxb2 dxe4 18. Nfd4 Nd7 19. Nf5 Qf6 20. Qxf6 Nxf6 21.
Nd6 Rd8 22. Nxe4 Nxe4 23. Bxe4 Rd2 24. Rc2 Rxc2 25. Bxc2 Nf8 26. Nf4 g5 27. Nh5
Be6 28. Rd1 f5 29. e4 fxe4 30. Nf6+ Kg7 31. Nxe4 Bf5 32. Rd2 h6 33. Nd6 Bxc2
34. Rxc2 b6 35. Re2 Rd8 36. Nf5+ Kh7 37. Re7+ Kg6 38. Ne3 Rd7 39. Re8 Kf7 40.
Rc8 c5 41. Rc6 Rd2 42. Rc7+ Rd7 43. Rxd7+ Nxd7 44. Nf5 Ne5 45. Nd6+ Ke6 46. Nc8
Nd3 47. Nxa7 Nc1 48. Nc8 Nxa2 49. Nxb6 Nc1 50. Nd5 Nxb3 51. Kg2 Nd2 52. Ne3 Ke5
53. Ng4+ Ke4 54. Nxh6 Nxc4 55. f3+ Ke5 56. Kf2 Kd4 57. Nf5+ Kd3 58. h4 gxh4 59.
gxh4 Ne5 60. h5 Nf7 61. h6 c4 62. h7 c3 63. Ne3 c2 64. Nxc2 Kxc2 65. Ke3 Kc3
66. f4 Kc4 67. Ke4 Kc5 68. Kf5 Kd5 69. Kf6 Nh8 70. Kg7 1-0

[Event "C.to Provinciale FM"]
[Site "Porto Sant'Elpidio ITA"]
[Date "2010.01.23"]
[Round "1"]
[White "Mantovani, Sofia"]
[Black "Bonoli, Luciano"]
[Result "0-1"]
[WhiteElo "1359"]
[BlackElo "1771"]
[PlyCount "90"]
[EventDate "2010.01.23"]

1. d4 e5 2. d5 Bc5 3. f3 Bxg1 4. Rxg1 Qh4+ 5. g3 Qxh2 6. Be3 d6 7. c4 Ne7 8.
Qa4+ Bd7 9. Qb4 b6 10. Qc3 Nf5 11. g4 Nxe3 12. Qxe3 Qh4+ 13. Kd1 Na6 14. g5
Qxc4 15. Nd2 Qxd5 16. Rh1 Qd4 17. Qb3 Ba4 18. Bg2 Bxb3+ 19. axb3 Nb4 20. f4
Qxb2 21. Rb1 Qc2+ 22. Ke1 d5 23. fxe5 c6 24. Rh4 a5 25. Rh3 Qf5 26. Rc1 O-O 27.
Rcc3 Qxe5 28. Rce3 Nc2+ 29. Kd1 Nxe3+ 30. Ke1 Nxg2+ 31. Kf1 Ne3+ 32. Kf2 Rae8
33. Nf3 Nd1+ 34. Kg2 Qxe2+ 35. Kg3 Qf2+ 36. Kg4 Ne3+ 37. Kf4 Qg2 38. Rg3 Qxg3+
39. Kxg3 Nf5+ 40. Kg4 g6 41. Kh3 a4 42. b4 Re3 43. Kg2 Rxf3 44. Kxf3 Re8 45.
Kf4 a3 0-1

[Event "C.to Provinciale FM"]
[Site "Porto Sant'Elpidio ITA"]
[Date "2010.01.23"]
[Round "1"]
[White "Miandro, Roberto"]
[Black "Balzano, Filli"]
[Result "1/2-1/2"]
[WhiteElo "2098"]
[BlackElo "1673"]
[PlyCount "119"]
[EventDate "2010.01.23"]

1. c4 c6 2. Nf3 d5 3. b3 Bf5 4. Bb2 Nf6 5. g3 Nbd7 6. Bg2 e6 7. d3 Be7 8. Nbd2
O-O 9. O-O Rc8 10. h3 Bg6 11. Rc1 b5 12. cxb5 cxb5 13. Rxc8 Qxc8 14. Nd4 a6 15.
Qb1 Qb7 16. Rc1 Rc8 17. N4f3 Rc7 18. Nf1 Qc8 19. Ne3 h6 20. Rxc7 Qxc7 21. Qc2
Qxc2 22. Nxc2 Bc5 23. Bc3 Ne8 24. Bb4 Bxb4 25. Nxb4 Nb8 26. Ne5 Nc7 27. Kf1 Kf8
28. Ke1 Ke7 29. Kd2 Kd6 30. f4 a5 31. Nc2 Nc6 32. Nf3 f6 33. g4 Bf7 34. Nfd4
Nxd4 35. Nxd4 Kc5 36. Nc2 g5 37. fxg5 fxg5 38. d4+ Kd6 39. b4 a4 40. e3 Be8 41.
Ne1 Na6 42. Kc3 Ke7 43. Nd3 Kd6 44. Ne5 Nc7 45. Bf1 Ke7 46. Bd3 Kf6 47. e4 Na6
48. exd5 exd5 49. Bf5 Nb8 50. Bd3 Na6 51. Bf5 Nb8 52. Nd3 Bd7 53. Bxd7 Nxd7 54.
Nc5 Ke7 55. Kd3 Kd6 56. Ke3 Nb6 57. Nb7+ Kc7 58. Nc5 Nc4+ 59. Kd3 Kd6 60. Nb7+
1/2-1/2

[Event "C.to Provinciale FM"]
[Site "Porto Sant'Elpidio ITA"]
[Date "2010.01.23"]
[Round "1"]
[White "Riano', Mirko Alessio"]
[Black "Marconi, Luca"]
[Result "0-1"]
[WhiteElo "1440"]
[BlackElo "1826"]
[PlyCount "42"]
[EventDate "2010.01.23"]

1. e4 d6 2. d4 Nf6 3. Nc3 c6 4. Bg5 Nbd7 5. Nf3 Qc7 6. Bd3 e5 7. O-O Be7 8.
dxe5 dxe5 9. Be3 Ng4 10. Qd2 Nxe3 11. Qxe3 O-O 12. a3 Nc5 13. b4 Nxd3 14. cxd3
Bg4 15. Rad1 Bxf3 16. Qxf3 a5 17. Rb1 axb4 18. axb4 Rfd8 19. Rb3 Qd7 20. Ne2
Qe6 21. Rfb1 Qxb3 0-1

[Event "C.to Provinciale FM"]
[Site "Porto Sant'Elpidio ITA"]
[Date "2010.01.23"]
[Round "1"]
[White "Santinelli, Michele"]
[Black "Copponi, Alice"]
[Result "1-0"]
[WhiteElo "1758"]
[BlackElo "1296"]
[PlyCount "53"]
[EventDate "2010.01.23"]

1. e4 e5 2. Nf3 Nc6 3. Bc4 Nf6 4. d3 d5 5. exd5 Nxd5 6. Nc3 Be6 7. Bb5 Bb4 8.
Bd2 Bxc3 9. bxc3 Qd7 10. Nxe5 Qd6 11. d4 f6 12. Qh5+ g6 13. Nxg6 Bf7 14. c4
Bxg6 15. Qxd5 Rd8 16. Qxd6 Rxd6 17. d5 a6 18. Ba4 b5 19. cxb5 axb5 20. Bxb5 Be4
21. Bxc6+ Kd8 22. Rb1 Kc8 23. Rb5 Bxg2 24. Rg1 Be4 25. Ra5 Kd8 26. Rg7 Bxd5 27.
Ra8# 1-0

[Event "C.to Provinciale FM"]
[Site "Porto Sant'Elpidio ITA"]
[Date "2010.01.23"]
[Round "1"]
[White "Spano' Cuomo, Gaetano"]
[Black "Vannicola, Roberto"]
[Result "1-0"]
[WhiteElo "1819"]
[BlackElo "1398"]
[PlyCount "58"]
[EventDate "2010.01.23"]

1. e4 c6 2. d4 d5 3. e5 Bf5 4. Nf3 e6 5. Nc3 c5 6. Bb5+ Nd7 7. Bd2 a6 8. Bxd7+
Qxd7 9. Ne2 Rc8 10. O-O cxd4 11. Nfxd4 Bg6 12. Bc3 Ne7 13. Bb4 b6 14. c3 h6 15.
Qd2 Nc6 16. Nxc6 Bxb4 17. Nxb4 a5 18. Nd3 O-O 19. Nd4 f6 20. exf6 Rxf6 21. Rae1
Re8 22. Re5 Qc7 23. Rfe1 Qf7 24. f4 Bxd3 25. Qxd3 Rg6 26. f5 Rg5 27. fxe6 Qf4
28. Rxg5 Rf8 29. Rf1 Qc1 1-0

[Event "C.to Provinciale FM"]
[Site "Porto Sant'Elpidio ITA"]
[Date "2010.01.23"]
[Round "1"]
[White "Splendiani, Sandro"]
[Black "Perogio, Lorenzo"]
[Result "0-1"]
[WhiteElo "1443"]
[BlackElo "1871"]
[PlyCount "56"]
[EventDate "2010.01.23"]

1. d4 d6 2. Nf3 Nf6 3. e3 g6 4. c4 Bg7 5. Nc3 O-O 6. Bd3 Nfd7 7. Bd2 Nc6 8. a3
a5 9. d5 Ncb8 10. e4 Na6 11. O-O e5 12. Qc1 Ndc5 13. Bc2 f5 14. Bh6 Rf7 15.
Bxg7 Rxg7 16. Qg5 Qf8 17. Rfe1 f4 18. h3 Re7 19. Nh2 Bd7 20. b4 h6 21. Qxg6+
Rg7 22. Qxh6 Rxg2+ 23. Kxg2 Qxh6 24. bxc5 Nxc5 25. Rg1 Qxh3+ 26. Kh1+ Kf7 27.
Rg2 Qxc3 28. Rag1 Rf8 0-1

[Event "C.to Provinciale FM"]
[Site "Porto Sant'Elpidio ITA"]
[Date "2010.01.23"]
[Round "1"]
[White "Tittarelli, Edith"]
[Black "Giobbi, Costantino"]
[Result "0-1"]
[WhiteElo "1604"]
[BlackElo "1913"]
[PlyCount "64"]
[EventDate "2010.01.23"]

1. d4 d6 2. Nf3 Bg4 3. Bf4 Nf6 4. Nbd2 Nh5 5. Bg5 h6 6. Bh4 g5 7. Bg3 Nxg3 8.
hxg3 Bg7 9. e3 c5 10. c3 Nc6 11. Qc2 Rc8 12. dxc5 dxc5 13. Rd1 Qc7 14. Be2 a6
15. Nb3 Bxf3 16. gxf3 b6 17. O-O O-O 18. Rd2 Ne5 19. Kg2 Qb7 20. Qe4 Qxe4 21.
fxe4 b5 22. Rfd1 Bf6 23. f4 Ng6 24. e5 Bg7 25. Bf3 c4 26. Nd4 Rc7 27. Nc6 Rfc8
28. Rd8+ Rxd8 29. Rxd8+ Kh7 30. Ra8 gxf4 31. gxf4 Nh4+ 32. Kg3 Nxf3 0-1

[Event "C.to Provinciale FM"]
[Site "Porto Sant'Elpidio ITA"]
[Date "2010.01.23"]
[Round "1"]
[White "Vesce, Emanuele"]
[Black "Rago, Riccardo"]
[Result "0-1"]
[WhiteElo "1705"]
[BlackElo "2105"]
[PlyCount "70"]
[EventDate "2010.01.23"]

1. d4 Nf6 2. c4 g6 3. Nc3 Bg7 4. e4 d6 5. Nf3 O-O 6. Be2 Na6 7. O-O c5 8. d5 e5
9. dxe6 fxe6 10. Bg5 h6 11. Bh4 g5 12. Bg3 e5 13. Qd2 Qe7 14. Rfd1 Ne8 15. Ne1
Nac7 16. Nc2 Be6 17. Ne3 Rd8 18. Bh5 Nf6 19. Bg6 a6 20. Bf5 b5 21. b3 b4 22.
Na4 Bf7 23. h4 Ne6 24. hxg5 hxg5 25. Bxe6 Bxe6 26. f3 Nh5 27. Bh2 Nf4 28. Bxf4
exf4 29. Nd5 Qf7 30. Rab1 Bd4+ 31. Kf1 Bxd5 32. cxd5 Rde8 33. Qd3 Qh5 34. Ke2
Qh2 35. Kd2 Be3+ 0-1

[Event "C.to Provinciale FM"]
[Site "Porto Sant'Elpidio ITA"]
[Date "2010.01.24"]
[Round "2"]
[White "Acciaioli, Fabio"]
[Black "Foglia, Maurizio"]
[Result "0-1"]
[WhiteElo "1833"]
[BlackElo "2168"]
[PlyCount "104"]
[EventDate "2010.01.23"]

1. e4 c6 2. d3 d5 3. Nd2 e5 4. Ngf3 Bd6 5. g3 Ne7 6. b3 O-O 7. Bb2 Nd7 8. Bg2
f5 9. O-O fxe4 10. dxe4 Ng6 11. Qe2 d4 12. Rad1 Qe7 13. Ne1 Nf6 14. c3 c5 15.
cxd4 cxd4 16. Nc4 Bc5 17. Nd3 b5 18. Nxc5 Qxc5 19. Ba3 b4 20. Bc1 Ba6 21. Bg5
h6 22. Bxf6 Rxf6 23. Bh3 Raf8 24. Bg4 Ne7 25. Qc2 Nc6 26. Qd3 Na5 27. Rc1 Nxc4
28. bxc4 Rc6 29. Bd7 Rb6 30. f4 Qc7 31. Bf5 Rc6 32. Rf2 g6 33. Bh3 Kh7 34. Bf1
Rc8 35. fxe5 Qxe5 36. Qf3 R8c7 37. Qf8 Qe7 38. Qxe7+ Rxe7 39. Bd3 Kg7 40. Kf1
Rec7 41. Rfc2 Rc5 42. Ke2 Bc8 43. Kd2 Be6 44. Be2 Kf6 45. Bd3 Ke5 46. Ke1 Rf7
47. Rf2 g5 48. Rcc2 Rxf2 49. Kxf2 Bf7 50. Ke1 Bg6 51. Re2 Ra5 52. Kd1 Bh5 0-1